Wage Energy Conversion Systems and Analysis of Prospects in Greece (Record no. 8529)
[ view plain ]
| 000 -LEADER | |
|---|---|
| fixed length control field | 01093cam a22001934a 4500 |
| 005 - ΗΜΕΡΟΜΗΝΙΑ ΚΑΙ ΩΡΑ ΤΕΛΕΥΤΑΙΑΣ ΕΝΗΜΕΡΩΣΗΣ | |
| Πεδίο ελέγχου | 20250605164338.0 |
| 008 - FIXED-LENGTH DATA ELEMENTS--GENERAL INFORMATION | |
| Πεδίο ελέγχου σταθερού μήκους | 250528s ||||||||||||||||||||||||d |
| 035 ## - SYSTEM CONTROL NUMBER | |
| System control number | 23528 |
| 040 ## - ΠΗΓΗ ΚΑΤΑΛΟΓΟΓΡΑΦΗΣΗΣ | |
| Φορέας πρωτότυπης καταλογογράφησης | MC Athens Campus Library |
| Γλώσσα καταλογογράφησης | Ελληνικά, Μοντέρνα (1453-) |
| Modifying agency | MC Athens Campus Library |
| Κανόνες περιγραφικής καταλογογράφησης | AACR2 |
| 245 1# - ΤΙΤΛΟΣ ΚΑΙ ΔΗΛΩΣΗ ΥΠΕΥΘΥΝΟΤΗΤΑΣ | |
| Τίτλος | Wage Energy Conversion Systems and Analysis of Prospects in Greece |
| 260 ## - PUBLICATION, DISTRIBUTION, ETC. | |
| Date of publication, distribution, etc. | 2016 |
| 300 ## - PHYSICAL DESCRIPTION | |
| Extent | 45 |
| 520 ## - SUMMARY, ETC. | |
| Summary, etc. | Summary Report, Literature Review, Introduction, Aims and Objectives of the Independent Study, Historical Facts, The Benefits of the Wage Energy Conversion Systems, Analysis of the Wage Energy Conversion Systems and Principals of Operations, Wage Attenuator, Axisymmetrical Point Absorber, Oscillating Water Column (OWC), Oscillating Wage Surge Converter (OWSC), Underwater Device Differential and Hydrostatic Pressure, The Overtopping Devices, Other Devices, National Standards and Regulations, Wage Energy in Greek Territory, Conclusions, Bibliography-Reference, Picture References, Appendices. |
| 700 1# - ΠΡΟΣΘΕΤΗ ΑΝΑΓΡΑΦΗ--ΦΥΣΙΚΟ ΠΡΟΣΩΠΟ | |
| Personal name | Michailidis Dimosthenis |
| 9 (RLIN) | 9100 |
| 700 1# - ΠΡΟΣΘΕΤΗ ΑΝΑΓΡΑΦΗ--ΦΥΣΙΚΟ ΠΡΟΣΩΠΟ | |
| Personal name | Siokos Georgios |
| 9 (RLIN) | 9101 |
| 942 ## - ADDED ENTRY ELEMENTS (KOHA) | |
| Koha item type | Διπλωματική εργασία |
| Τύπος τεκμηρίου | Βιβλιοθήκη | Τρέχουσα τοποθεσία | Barcode | Ημερομηνία απόκτησης | Ταξιθετικό σύμβολο | Αριθμός αντιτύπου | Κατάσταση απόσυρσης | Κατάσταση χαμένου | Κατάσταση κατεστραμμένου | Μη δανεισμός | Σύνολο δανεισμών | Ημερομηνία τελευταίας εμφάνισης | Η τιμή ισχύει από |
|---|---|---|---|---|---|---|---|---|---|---|---|---|---|
| Διπλωματική εργασία | MC Athens Campus Library | MC Athens Campus Library | 9780000085283 | 05/06/2025 | ENG 2016 (52) | 1 | 05/06/2025 | 05/06/2025 |